| 000 | 01259nam a22002777a 4500 | ||
|---|---|---|---|
| 001 | BD-DhSAU 9297 | ||
| 003 | BD-DhSAU | ||
| 005 | 20181209123039.0 | ||
| 008 | 150612b17 bg a||||r|||| 000 0 eng d | ||
| 040 | _aBD-DhSAU | ||
| 082 |
_222 _a630.715 _bL9715 |
||
| 100 |
_aLuna , Tanzina Rahman _eRegistration No. # 15-07001 |
||
| 245 |
_aDeterminants of Women empowerment under Ullapara Upazila of Sirajganj District / _bMS thesis _cLuna , Tanzina Rahman |
||
| 260 |
_aSher-e- Bangla Agricultural University : _bDepartment of Agricultural Extension and Information System, _c2017 |
||
| 300 |
_avii, 59 p. : _bill. , _c30 cm. |
||
| 500 | _aMS thesis of Department of Agricultural Extension and Information System, Faculty of Agriculture, Sher-e-Bangla Agricultural University, Dhaka, Bangladesh | ||
| 504 | _a Include Bibliographical References | ||
| 590 | _aShofi | ||
| 650 | _aAgricultural Extension and Information System | ||
| 650 | _aDeterminant | ||
| 650 |
_aWomen empowerment _zUllapara Upazila , Sirajganj District |
||
| 700 |
_a Mazumder , Mohummed Shofi Ullah _eSupervisor |
||
| 700 |
_a Roy , Ranjan _eCo-Supervisor |
||
| 856 |
_uhttp://archive.saulibrary.edu.bd:8080/xmlui/handle/123456789/686 _yOnline Access |
||
| 942 |
_2ddc _cTHESIS |
||
| 999 |
_c14486 _d14485 |
||